EXISTENCE ET LITTERATURE

保存先:
書誌詳細
第一著者: Tilliette, Xavier (autor)
フォーマット: 図書
タグ: タグ追加
タグなし, このレコードへの初めてのタグを付けませんか!

MARC

LEADER 00000nam^a2200000^a^4500
001 000207506
005 20250521000000.0
009 20260310103221.016
035 |a 033661 
037 |a Acervo Xavier Clavigero 
082 |a 803. TILL 
100 |a Tilliette, Xavier  |e (autor) 
245 1 0 |a EXISTENCE ET LITTERATURE 
264 |a París, Francia :  |b Desclée de Brouwer,  |c 1962 
300 |a 207 
336 |a texto  |b txt  |2 rdacontenido 
337 |a sin mediación  |b n  |2 rdamedio 
338 |a volumen  |b nc  |2 rdasoporte 
649 |a XX 
910 |a Fondo General 
920 |a Impresos - Libros 
930 |a Colección General 
940 |a Literatura 
905 |a 101 
901 |a 033661  |b IT1  |c LIT  |i 033661  |u 20250521 
902 |a https://opac.biblio.iteso.mx/vufind/Record/000207506